000 00311nam a2200133Ia 4500
008 240624s9999 xx 000 0 und d
041 _aeng
082 _a891.43 JOS
100 _aJOSHI SHARAD
245 _aTILASM
260 _c2009
_aNew Delhi
_bRajpal and Sons Publishing
300 _a141 : p.
365 _cRS
999 _c17171
_d17171